| 000 | 01188nam a2200241Ia 4500 | ||
|---|---|---|---|
| 003 | Ost | ||
| 005 | 20260507075140.0 | ||
| 008 | 260507s9999||||xx |||||||||||||| ||und|| | ||
| 020 | _a7075422977 | ||
| 040 | _cfsecg | ||
| 041 | _aara | ||
| 082 | _a330 | ||
| 100 |
_aعطية، أحمد صلاح _eمؤلف |
||
| 245 | 0 |
_aأفاق جديدة لمسئوليات مراجع الحسابات في بيئة العولمة / _c أحمد صلاح عطية |
|
| 260 |
_aالاسكندرية: _bالدار الجامعية, _c2008 |
||
| 300 |
_a603 صفحة؛ _bإيضاحات ؛ _c24 سم |
||
| 504 | _aملاحق لكل فصل والهوامش | ||
| 520 | _aمسؤوليات مراجع الحسابات اتجاه جرائم غسل الأموال- المحاسبة والإفصاح عن الأنشطة صناديق الإستثمار وأثارها على المراجعة- مسؤوليات مراجع الحسابات حال تصدية لمراجعة صناديق الإستثمار- مراجعة الأدوات المالية المشتقة | ||
| 653 | _aالمحاسبة | ||
| 653 | _aالمراقبة المالية | ||
| 653 | _aمراجعة الحسابات | ||
| 942 | _cكتاب | ||
| 999 |
_c43291 _d43291 |
||